[Event "GER-ch 73th"]
[Site "Altenkirchen"]
[Date "2001.12.07"]
[Round "8"]
[White "Huebner, Robert"]
[Black "Handke, Florian"]
[Result "1-0"]
[WhiteElo "2612"]
[BlackElo "2384"]
[Annotator "Kortschnoj,V"]
[PlyCount "121"]
[EventDate "2001.11.30"]
[EventType "swiss"]
[EventRounds "9"]
[EventCountry "GER"]
[SourceTitle "CBM 087"]
[Source "ChessBase"]
[SourceDate "2002.03.21"]
[SourceVersion "1"]
[SourceVersionDate "2002.03.21"]
[SourceQuality "1"]

1. d4 {Ribli} Nf6 2. Nf3 e6 3. g3 d5 4. Bg2 Be7 5. O-O O-O 6. c4 dxc4 7. Ne5
Nc6 (7... c5 {Ribli} 8. dxc5 Qc7 9. Nxc4 Qxc5 (9... Bxc5 {Ribli} 10. Nc3 $14
Bxf2+ $6 11. Rxf2 Qxc4 12. Rxf6 gxf6 13. Bh6 $36) 10. b3 $14) 8. Bxc6 bxc6 9.
Nxc6 Qe8 10. Nxe7+ Qxe7 11. Qa4 c5 {Ribli: 'Dieser Zug scheint mir logischer,
als die Alternative 11...e5.'} 12. Qxc4 cxd4 13. Qxd4 e5 {The theory considers
this position good for black - he has a proper compensation for a pawn.  Ribli:
'Dieser Zug kommt mit Tempo, aber ich glaube, dass die Mobilisierung der
Figuren besser wäre als dieser Bauernzug. '} (13... Rd8 $5 {Ribli} 14. Qh4 Rb8
15. b3 Ba6 16. Ba3 (16. Nc3 {Ribli} Qc5 17. Ne4 Nxe4 18. Qxe4 Rb4 19. Qe3 Qc2
20. Ba3 Re4 21. Rfc1 Qxe2 {1/2-1/2 Krasenkow,M-Ribli,Z/Germany 1998/GER-chT 
(21)}) 16... Qc7 17. Rc1 Qe5 18. Nc3 Rd4 19. Qh3 Bb7 20. Qf1 h5 21. f3 Rc8 22.
Qe1 h4 {1/2-1/2 Vasovski,N-Bojkovic,N/Skopje MKD 2002/The Week in Chess 376 
(38)}) 14. Qh4 Rb8 (14... Qe6 {Ribli}) (14... h6 $5 {Ribli}) 15. b3 $1 {
This move was discovered about 15 years ago. Since then the theory believes 14.
..Qe6! was the best for black.} (15. Nc3 {Ribli} Rb4 16. e4 Bb7 17. f3 Rc8 18.
g4 a5 19. Qf2 h5 20. g5 Nh7 21. Qe3 Rd8 {1/2-1/2 Atalik,S-Liang Jinrong/
Beijing 1997/CBM 61 (21)}) (15. Bg5 {Ribli} Rxb2 16. Nc3 Qe6 17. Bxf6 Qxf6 18.
Qxf6 gxf6 $11) 15... Rd8 16. Bb2 {Ribli: 'Dieser einfache Zug ist eine
theoretische Neuerung - auf diese Weise verhindert Weiß den Turmzug 16...Rd4
und platziert den Läufer auf der großen Diagonale.'} (16. Bg5 {Ribli} Rd4 17.
Bxf6 gxf6 (17... Qxf6 $6 {Ribli} 18. Qxf6 gxf6 19. Rc1 $1 $16 Ba6 20. Kf1 h5
21. Ke1 {1-0 Gelfand,B-Timoscenko,G/Norilsk 1987/EXT 97 (46)}) 18. Qh6 Rb6 19.
Nc3 f5 $13 {Holmov}) 16... h6 {Ribli: 'Schwarz verteidigt sich gegen 17.Qg5,
wonach der e5-Bauer hängen würde und die Dame über die Diagonale h6-c1 ins
Spiel kommen würde.'} ({After} 16... Rb4 17. Ba3 Rdd4 {white has} 18. Qg5 {
so black is still hunting on the white queen.}) (16... Ba6 {Ribli} 17. Qg5 $14)
17. Na3 {Ribli: 'Mit natürlichen Zügen hat Weiß bequemes Spiel erlangt, und er
hat einen Bauern mehr.'} Bg4 (17... Rd2 {Ribli} 18. Nc4 Rxe2 19. Rfe1 $16) (
17... Ba6 {Ribli} 18. Nc4 (18. Rfe1 {Ribli} Rd2 19. Bc3) 18... Bxc4 19. Qxc4
Rbc8 20. Qa6 $14) 18. Nc4 $1 {After this move it becomes obvious - black will
not succeed to trap the queen.  Ribli: 'Weiß gibt den Bauern zurück, aber er
bekommt einen kleinen und dauerhaften Vorteil. '} (18. Rfe1 {Ribli} Qf8 {
[%csl Rh4][%cal Rg7g5,Rg5h4]} 19. f4 $13) 18... Bxe2 (18... Rb5 19. f3) (18...
Qf8 {Ribli} 19. Nxe5 $16 g5 $2 20. Nxg4 $18) 19. Rfe1 Bxc4 20. Qxc4 $14 {
Black pawn e5 is weak, the bishop is stronger than the knight - white has some
edge.  Ribli: 'Weiss hat ausgezeichnetes Figurenspiel, der e5P ist schwach und
Schwarz kann das nicht so lange verteidigen.'} (20. Bxe5 Be6) 20... Rd5 (20...
e4 {Ribli} 21. Bxf6 Qxf6 22. Qxe4 $16) 21. Rad1 $1 Ra5 ({If} 21... Rbd8 22.
Rxd5 Rxd5 23. Qc8+ Kh7 24. Qf5+ g6 25. Qf3 {- weakening of the long diagonal
is unpleasant for black.}) ({Or} 21... Rxd1 22. Rxd1 Re8 23. Qc6 {and black
has problems. Still, it would be the best for black.}) 22. Bc3 ({Also} 22. b4 {
was strong. With continuation:} Rxb4 ({or} 22... Rab5 23. Bc3 {and then a2-a4.}
) 23. Qc8+ Kh7 24. Bc3) 22... Rc5 ({If} 22... Rxa2 {then} 23. b4 (23. Rxe5 {
Ribli} Qb7 24. b4 $14) 23... Qe6 ({Instead} 23... Ra3 {(24.Be5 Rd8) was more
stubborn.}) 24. Qxe6 fxe6 25. Bxe5 {with solid advantage.}) 23. Qd3 Qe6 {
'?!' Ribli.} (23... Rd5 $14 {Ribli}) 24. Qe3 $1 {Wins a pawn.} Rbc8 25. Rd8+ {
'!' Ribli.} (25. Bxe5 $2 {Ribli} Ng4 26. Qxc5 (26. Rd8+ {Ribli} Rxd8 27. Qxc5
Rd5 $19) 26... Rxc5 27. Bd4 Re5 $19) 25... Rxd8 26. Qxc5 Qh3 27. Qxe5 {Ribli:
'Jetzt hat Weiß einen Bauern gewonnen und 27...Ng4 geht nicht wegen des Matts
auf g7.'} Kh7 ({Tactical justification of 27.Qe5:} 27... Re8 28. Qd4 Rxe1+ 29.
Bxe1 Ng4 30. Qd8+ Kh7 31. Qh4) 28. Qe2 Qf5 (28... Nd5 {Ribli} 29. Qd3+ f5 (
29... Kg8 {Ribli} 30. Ba5 $18) (29... g6 {Ribli} 30. Qd4 $18) 30. Re7 Nxe7 31.
Qxd8 $16) 29. Bxf6 $1 {With this exchange white obtains a profitable endgame.
Ribli: 'Rechtzeitig - sonst geht der Springer weg; obwohl natürlich Weiß immer
besser steht, ist es höchste Zeit für Vereinfachungen.'} Qxf6 30. Qe7 {'+/-'
Ribli.} Rd2 {'?!' Ribli. Afer exchange on e7 or 30...Qc3 31.Rf1 black loses
the second pawn.} (30... Qc3 $5 $16 {Ribli}) 31. Qxf6 gxf6 32. a4 Rb2 (32...
Rd3 {Ribli} 33. Re7 Kg6 34. Rb7 $16) 33. Re7 (33. Re3 {Ribli} a5) 33... Kg6 (
33... Rxb3 {Ribli} 34. Rxf7+ Kg6 35. Rxa7 $18) 34. Rb7 a5 35. Kg2 f5 (35... Kg7
{Ribli} 36. Kf3 $16) 36. Rb6+ f6 37. Rb5 Kg5 38. Kf3 Rc2 (38... Kg6 {Ribli} 39.
h4 $16) 39. h4+ Kg6 40. Ke3 {Ribli: 'Der weiße Plan ist klar - er möchte 41.f3
und 42.Kf4 ziehen und den Wirkungskreis des b2-Turms verkleinern.'} h5 41. f3
Rc3+ 42. Kf4 Rd3 43. Rxf5 Rxb3 44. Rxa5 {White has won the second pawn but his
win still hangs on one tempo, as we soon will see.  Ribli: 'Weiß hat zwei
Bauern mehr und Gewinnstellung. '} Rb4+ 45. Ke3 Rb3+ 46. Ke4 {'!' Ribli. Ribli:
'Der weiße König muss seinen a-Bauern unterstützen und den Königsflügel
verlassen.'} (46. Kf2 $6 {Ribli} Rb2+ 47. Kg1 Rb1+ (47... Ra2 $16 {Ribli}) 48.
Kg2 Rb2+ 49. Kh3 Rf2 50. f4 Ra2 $14) 46... Rb4+ 47. Kd5 Rb3 48. Rb5 Rxf3 49. a5
Rxg3 {Ribli: 'Die Stellung ist nur materiell gleich - Weiß hat einen
ernfernten Freibauern mit der Unterstützung des Königs.'} 50. Kc6 {Ribli:
'Jetzt droht schon 51.a6. Ich muss betonen, dass der b5R ausgezeichnet steht -
er schneidet dem schwarzen König den Weg über die fünfte Reihe ab.'} (50. a6 $2
{Ribli} Ra3 51. Rb6 Kf5 {[%cal Gf5g4]} 52. Kc6 Kg4 53. Kb7 Kxh4 $11) 50... f5 (
50... Rg4 51. a6 Rxh4 52. a7 Ra4 53. Kb6 Rxa7 54. Kxa7 h4 55. Kb6 h3 56. Rb3
Kf5 57. Rxh3 Ke4 58. Kc5 f5 59. Kc4 f4 60. Kc3 f3 61. Kd2 $18) (50... Ra3 {
Ribli} 51. Kb7 $18) 51. a6 Ra3 52. Kb7 f4 53. a7 f3 54. Rg5+ (54. a8=Q {Ribli}
Rxa8 55. Kxa8 f2 56. Rb1 Kf5 57. Rf1 Kg4 58. Rxf2 Kxh4 $11 {[%csl Ra8,Gh4,Gh5]}
) 54... Kf6 (54... Kh6 {Ribli} 55. a8=Q $18) 55. Rg3 $1 {The only winning move.
After the natural 55.Rg8 black would save the game with 55...Kf5!  Ribli:
'Droht 56.Rxf3+.'} (55. Rg8 Kf5 $1) 55... Rb3+ (55... f2 {Ribli} 56. Rxa3 f1=Q
57. a8=Q $18) 56. Kc7 Rc3+ 57. Kb6 Rb3+ 58. Kc5 Rc3+ 59. Kd4 Rc8 (59... Ra3 {
Ribli} 60. Rxf3+ $18) 60. Rxf3+ Ke6 61. Ra3 1-0

[Event "FRA-chT Gp-A"]
[Site "France"]
[Date "2004.04.03"]
[Round "6"]
[White "Georgiev, Kiril"]
[Black "Nielsen, Peter Heine"]
[Result "1-0"]
[WhiteElo "2637"]
[BlackElo "2638"]
[Annotator "Kostakiev,D"]
[PlyCount "83"]
[EventDate "2004.01.30"]
[EventType "team"]
[EventRounds "7"]
[EventCountry "FRA"]
[SourceTitle "CBM 100"]
[Source "ChessBase"]
[SourceDate "2004.06.01"]
[SourceVersion "1"]
[SourceVersionDate "2004.06.01"]
[SourceQuality "1"]
[WhiteTeam "Mulhouse"]
[BlackTeam "Paris NAO"]
[WhiteTeamCountry "FRA"]
[BlackTeamCountry "FRA"]

{Four instructive typical middle game situations arise out from this game: 1)
Swap Bg2xNc6!? 2) The tandem Q+N > Q+B. 3) The violated Q-Ps structure a7 +
c7+c6+c4. 4) doubled Ps f6,f7+ Ph7. Attention merits also the history of the
opening.} 1. Nf3 Nf6 2. c4 e6 3. g3 d5 4. d4 Be7 5. Bg2 O-O 6. O-O dxc4 7. Ne5
Nc6 8. Bxc6 $1 {['Made in Bulgaria by gm Nino Kirov' 1976]} bxc6 9. Nxc6 Qe8
10. Nxe7+ Qxe7 11. Qa4 {the most often used line. Other continuations are
extremely rare:} (11. Na3 e5 12. dxe5 Qxe5 13. Nxc4 Qh5 14. Ne3 (14. h4 Qg4 {
1/2-1/2 Andrews,S-Arganian,D/East Lansing 1991/EXT 2003 (35)}) 14... Bh3 {
1-0 Lematschko,T-Kas Fromm,R/Graz 1991/EXT 97 (36)}) (11. b3 cxb3 12. Ba3 Qd7 {
1/2-1/2 Partanen,J-Koskinen,H/Finland 1999/EXT 2000 (23)}) (11. Qc2 c5 12. dxc5
Qxc5 13. Be3 Qh5 14. f3 {0-1 Heikkila,A-Sammalvuo,T/Kankaanpaa 1999/EXT 2002 
(50)}) 11... a5 $6 {The P's structure does not need such kind of advanced weak
Ps.} ({Geller preffered:} 11... e5 $5 12. dxe5 (12. Qxc4 exd4 {0-1 Garcia
Gonzales,G-Geller,E/Bogota 1978/EXT 98 (57)}) 12... Qxe5 13. Qxc4 Be6 14. Qc2 (
14. Qa6 Bh3 {0-1 Spiridonov,N-Geller,E/Novi Sad 1978/EXT 2004 (26)}) (14. Qd3
Rad8 {1-0 Gelfand,B-Timoscenko,G/Sverdlovsk 1987/TD (41)}) 14... Bf5 15. Qc4
Be6 16. Qc2 {1/2-1/2 Kirov,N-Geller,E/Sochi 1976/MCD (16)}) ({Logical seems:} 
11... c5 $5 {because it allows do get rid of the weak P c7.} 12. Qxc4 cxd4 13.
Qxd4 e5 (13... Rd8 14. Qh4 {0-1 Baumgartner,H-Klovans,J/Bad Wildbad 1997/EXT
99 (28)}) 14. Qh4 Rb8 15. b3 Qe6 (15... Rd8 16. Bg5 {1-0 Gelfand,B-Timoscenko,
G/Norilsk 1987/EXT 97 (46)}) 16. Nd2 {1/2-1/2 Kaiszauri,K-Schussler,H/Malmo
1979/EXT 98 (30)}) ({interesting is also:} 11... Qd6 $5 12. Rd1 Qa6 13. Qxa6
Bxa6 14. Nc3 Rab8 15. e4 {1/2-1/2 Gelfand,B-Shneider,A/Uzhgorod 1987/EXT 97 
(38)}) 12. Rd1 $5 $146 (12. Qxc4 Ba6 13. Qc2 Rfd8 14. Rd1 (14. Be3 Nd5 {
0-1 Lorenz,D-Fiebig,T/Dortmund 2003/CBM 95 ext (41)}) 14... c5 15. dxc5 Rxd1+ {
1-0 Vadasz,L-Arnold,L/Budapest 1997/CBM 59 ext (37)}) 12... Rd8 13. Bg5 c5 14.
dxc5 Rxd1+ 15. Qxd1 Bb7 16. Nc3 (16. Bxf6 gxf6 (16... Qxf6 17. Nc3 $16) 17. Nd2
Qxc5 $11) 16... Rd8 17. Qc2 Qxc5 18. Bxf6 gxf6 {[#] Is N+Q > than B+Q as
Capablanca had affirmed? Some more other specific questions here : Is the
missing Bg2 dangerous weakness - having in view Bb7 (/^ a8-g2). Gm Kiril
Georgiev is giving a lesson upon this topic.} 19. Rd1 Rxd1+ 20. Qxd1 Qc6 {
The Black's PP structure is worse. it gives better chanses to the opponent's
tandem Q+N} 21. Qd8+ Kg7 22. f3 Qc5+ 23. Kg2 Qb4 24. Qd2 Bc6 25. a3 Qc5 26. Nd1
h5 $2 {unnecessary! A weak P is better to stay at its initial place, or to h6.}
({More passive defend- politic is promising more draw chances:} 26... Ba4 $5
27. Nc3 (27. Nf2 $14) 27... Bc6 (27... Bb3 $6 28. Ne4 Qe5 29. Nd6 Kf8 30. e4
Qh5 31. Nb7 $16) 28. Qf4 h6 29. Qg4+ Kh7) (26... h6 $14) 27. Ne3 $1 {[/\ Kf1!,
Ne1-g2-f4!]} Bb7 (27... Ba4 28. Qc3 Bb3 29. Nf1 $11 Qe5 30. e4) 28. Kf1 Ba6 29.
Qc3 {Qc3 attacks Pa5,Pc4,Pf6. After some moves it will be repeted} Kf8 30. Ng2
Ke7 31. Qd2 Bc8 (31... Kf8 32. Qh6+ Ke7) 32. Nf4 {[NXh5]} (32. h4 $6 e5) 32...
Bd7 ({Good winning chances keeps White after:} 32... h4 33. gxh4 (33. g4 $5))
33. Kg2 Bc6 34. h4 Bd7 35. Qc3 Bc6 (35... Ba4 $142 $5 $14) 36. Kf1 (36. b3 $5
Bb5 37. bxc4 Ba6 $16 (37... Bxc4 38. Nxh5 Qxh5 39. Qxc4 $16)) 36... Bd7 37. Kg2
$16 Bc6 38. b3 $1 Qxa3 39. Qxc4 $18 Qd6 40. Qc3 Bd5 (40... Bb5 $18 41. Qxa5 $18
) 41. Qxa5 Bxb3 42. Qa7+ {[/\ Nxh5+-]} 1-0

[Event "FIDE-Wch k.o."]
[Site "Moscow"]
[Date "2001.11.29"]
[Round "2.1"]
[White "Georgiev, Kiril"]
[Black "Bruzon Batista, Lazaro"]
[Result "1/2-1/2"]
[WhiteElo "2686"]
[BlackElo "2573"]
[Annotator "Kostakiev,D"]
[PlyCount "51"]
[EventDate "2001.11.27"]
[EventType "k.o."]
[EventRounds "7"]
[EventCountry "RUS"]
[SourceTitle "CBM 086"]
[Source "ChessBase"]
[SourceDate "2002.02.05"]
[SourceVersion "1"]
[SourceVersionDate "2002.02.05"]
[SourceQuality "1"]

1. d4 d5 ({One of the Geller's memorable comments and games is his victory
against Botvinik:} 1... Nf6 2. g3 $2 {Geller correctly put "?', saying that 2.
g3 is bad against Q's gambit. The difference with the text move (3.g3!? ) is
important. Here Pe7 is on its initial place an it goes to e5 at once:.} d5 $1
3. c4 dxc4 4. Nf3 Nc6 $1 5. Nc3 e5 $1 6. Nxe5 Nxe5 7. dxe5 Qxd1+ $15 {0-1
Botvinnik,M-Geller,E/Moscow 1951/URS-ch (62)}) 2. c4 e6 3. g3 {After the
inogoration in 1938, Opocensky applied this inovation many times to strong
oponents. Statistic is favorable for White (58%).} Nf6 (3... c5 4. cxd5 exd5 5.
Nf3 Nc6 6. Bg2 Nf6 {1-0 Bolbochan,J-Graf,S/Mar del Plata 1941/HCL (59)}) (3...
c6 4. Nf3 Nd7 5. Qc2 Ngf6 6. Bg2 Bb4+ {1-0 Opocensky,K-Kubanek,J/Prague 1943/
HCL (29)}) (3... dxc4 4. Nf3 c5 5. Qa4+ Bd7 6. Qxc4 Bc6 7. Bg2 {1/2-1/2
Opocensky,K-Kotov,A/Moscow 1946/MCL (26)}) 4. Bg2 dxc4 (4... c6 5. Nd2 Nbd7 6.
Ngf3 Bd6 7. O-O O-O 8. Qc2 e5 9. cxd5 Nxd5 {1-0 Opocensky,K-Sutherland,M/Nice
1938/EXT 99 (16)}) (4... Nbd7 5. Nf3 dxc4 6. O-O Be7 7. Nbd2 O-O 8. Nxc4 c5 {
1-0 Opocensky,K-Milan,M/Trencianske Teplice 1941/EXT 98 (52)}) 5. Nf3 Be7 6.
O-O O-O 7. Qc2 a6 8. a4 Bd7 $5 {Dely 1966; statistic"+/-" (58%:42%). Big boom
2000-2001.} 9. Qxc4 (9. Ne5 Bc6 10. Nxc6 Nxc6 11. e3 {1/2-1/2 Honfi,K-Dely,P/
HUN-ch 1966/MCD (24)}) (9. Nbd2 Bc6 10. Nxc4 Be4 11. Qd1 Nc6 {1/2-1/2 Smyslov,
V-Kluger,G/Polanica Zdroj 1966/MCD (27)}) 9... Bc6 10. Bg5 (10. Nc3 $2 {Ribli}
b5) 10... Bd5 11. Qc2 {Ribli: 'Üblicher ist der andere Damezug 11.Qd3, aber
die Partiefortsetzung hat auch ihre Vorteile.'} (11. Qd3 {Ribli} Be4 (11... c5
12. Nc3 Bc6 $5 13. Rfd1 cxd4 14. Nxd4 Bxg2 15. Kxg2 Qa5 (15... Nbd7 $5) 16.
Bxf6 $1 Bxf6 17. Ne4 {1-0 Tukmakov,V-Beliavsky,A/Portoroz 1996 (40)}) 12. Qe3
Nbd7 13. Nc3 Bc6 14. Qd3 Bb4 15. Rfe1 (15. Rfd1 $5) 15... Bxf3 16. Qxf3 c6 {
Beliavsky,A-Almasi,Z/Ubeda 1997/CBM 58/[Beliavsky]/1/2-1/2 (58)}) 11... Be4 12.
Qc1 {[#]} (12. Qd1 {Ribli} c5 (12... h6 13. Bxf6 Bxf6 14. Nc3 Bxf3 {1/2-1/2
Azmaiparashvili,Z-Gelfand,B/Moscow RUS 2001/The Week in Chess 369 (78)}) 13.
Nbd2 (13. dxc5 Bxc5 {1/2-1/2 Fridman,D-Zarnicki,P/Erevan olm 1996 (50)}) 13...
Bc6 14. dxc5 Bxc5 15. Nb3 Be7 16. Qxd8 Rxd8 17. Na5 {Ribli,Z-Donev,I/AUT-chT96/
97 1997/EXP 57/1/2-1/2 (53)}) 12... c5 $146 (12... Nc6 {Ribli} 13. e3 (13. Rd1
$2 {Ribli} Bxf3 14. Bxf3 Nxd4 15. Bxf6 Bxf6 16. e3 Nb3 $19 {.. 0-1 Vadasz,
L-Kabatenski,A/Budapest FS03 IM-B 1994}) 13... Nb4 $5 $146 {Eine völlig
logische Neuerung. Schwarz nutzt die Schwächung des Feldes b4 aus und schafft
zugleich Platz für seinen Läufer. Der Springer war auch nicht gut auf c6
platziert.} (13... Nd5 {Foisor,C-Amura,C/Jakarta iztW 1993/EXT 93/1-0 (44)
Ribli}) (13... a5 $6 {Ribli} 14. Nc3 {Weiß hat Raumvorteil und ein starkes
Zentrum, während die Schwächung des Punktes b4 nicht ins Gewicht fällt.}) 14.
Nc3 Bc6 15. a5 {Weiß gewinnt Raum am Damenflügel und verhindert den Zug a6-a5.
Jetzt steht der Nb4 nicht so überzeugend.} (15. Rd1 $5 {Ribli}) (15. Bxf6 {
Ribli} Bxf6) 15... Rc8 16. Rd1 Bxf3 (16... h6 {Ribli} 17. Bxf6 Bxf6 18. e4 $14
{[%csl Rb4,Gd4,Ge4] Das schwarze Läuferpaar ist nicht von Bedeutung, der weiße
Zentrumsvorteil macht sich hingegen bemerkbar.}) 17. Bxf3 $14 {1/2-1/2 Pigusov,
E-Liang Jinrong/Beijing 1997/CBM 61/[Ribli] (37)}) (12... h6 {Ribli} 13. Bxf6
Bxf6 14. e3 {0-1 Beliavsky,A-Lutz,C/Leon ESP 2001/The Week in Chess 366 (70)})
13. dxc5 $14 Nbd7 {[#]} 14. Bxf6 $6 $11 ({Better chances for '+/=' is giving
the more precise:} 14. Nbd2 $142 $5 Bd5 (14... Bxf3 15. Nxf3 $14) 15. a5 $5 $14
(15. Bxf6 {text}) 15... Bxc5 16. e4 Bc6 17. e5 $14) (14. a5 Bxc5 $11) 14...
Bxf6 15. Nbd2 Bd5 16. e4 Bc6 $11 17. Qc2 Qa5 18. Rfc1 Rac8 19. Nb3 Qb4 20. Qc4
Qxc4 21. Rxc4 Bxb2 22. Rb1 Ba3 23. Ra1 Bb2 24. Rb1 Ba3 25. Ra1 Bb2 26. Rb1
1/2-1/2

[Event "Gibraltar Masters 18th"]
[Site "Caleta"]
[Date "2020.01.26"]
[Round "6"]
[White "Cheparinov, Ivan"]
[Black "Esipenko, Andrey"]
[Result "0-1"]
[WhiteElo "2686"]
[BlackElo "2654"]
[Annotator "Krasenkow,M"]
[PlyCount "102"]
[EventDate "2020.01.21"]
[EventType "swiss"]
[EventRounds "10"]
[EventCountry "GGB"]
[SourceTitle "CBM 194 Extra"]
[Source "ChessBase"]
[SourceDate "2020.03.31"]
[SourceVersion "1"]
[SourceVersionDate "2020.03.31"]
[SourceQuality "1"]

{[%evp 0,102,39,30,12,-10,-10,-24,-24,-8,-5,16,3,19,-16,0,-6,0,-15,-16,0,-3,0,
-15,-4,4,-7,-22,4,5,19,31,30,26,38,30,37,3,32,30,18,15,22,28,30,24,36,10,-2,-8,
-4,-6,-1,-22,-21,-31,-24,-46,-56,-41,-45,-49,-42,-62,-41,-54,-54,-66,0,-97,-83,
-99,-99,-97,-82,-96,-84,-87,-84,-78,-97,-97,-86,-97,-93,-93,-100,-100,-88,-60,
-103,-105,-127,-124,-102,-137,-105,-118,-106,-176,-106,-138,-153,-294,-289]} 1.
d4 Nf6 2. c4 e6 3. g3 d5 4. Nf3 Be7 5. Bg2 O-O 6. O-O dxc4 7. Qc2 a6 8. a4 Bd7
9. Qxc4 Bc6 10. Bg5 Nbd7 11. Nbd2 {A bit too humble. Black equalizes easily.} (
11. Nc3 {is the main move.}) 11... h6 (11... Rc8 12. Qc2 h6 13. Bxf6 Nxf6 14.
Rfd1 Bb4 15. Rac1 Qd6 16. Nc4 Qe7 17. Nfe5 Bxg2 18. Kxg2 c5 $11 {1/2 (30)
Wojtaszek,R (2749)-Giri,A (2780) Shenzhen 2018}) 12. Bxf6 Nxf6 13. Rfd1 a5 {
[%csl Gb4]} (13... Rc8 $5 {with the idea to prepare ...c7-c5 after all}) (13...
Qd5 $5) 14. Rac1 (14. Ne5 Bxg2 15. Kxg2 Qd5+ 16. f3 c5 17. e4 Qxd4 18. Qxd4
cxd4 19. Nb3 Rfd8 20. Rxd4 Rxd4 21. Nxd4 Rd8 $11 {1/2 (36) Aronian,L (2792)
-Kramnik,V (2812) Leuven 2016}) 14... Bd6 (14... Rc8 $5) (14... Qe8 $5 15. b3
Rd8) 15. Ne5 Bxg2 16. Kxg2 c6 (16... Nd5 $5 {[%cal Yd5b4]}) 17. Nd3 (17. Qb3 {
, preventing ...Qb6, is hardly successful in view of} Bb4 {[%cal Yd8d5]}) 17...
Qb6 18. Qb3 Qxb3 19. Nxb3 Rfd8 $11 {White has a space advantage but Black has
no weaknesses (his a5 pawn can hardly be considered a weakness) and no bad
pieces.} 20. Kf3 Nd5 21. Nbc5 Ra7 22. e4 Ne7 23. Ke3 (23. Ne5 $142 b6 $140 (
23... Bb8 $142 $11 {[%cal Yf7f6,Yg8f7]}) 24. Ncd3) 23... b6 {Black weakens his
c6 pawn a bit but drives White's knight away to a passive position.} 24. Nb3
Rad7 25. Rd2 f6 26. Rdc2 $6 {White doesn't realize that he must switch to
defence.} (26. h4 $142 {to prepare for ...g7-g5:} g5 27. hxg5 hxg5 28. f4)
26... Kf7 (26... Bb8 $1 {[%cal Re6e5,Yg7g5]}) 27. Ke2 (27. h4 $1) 27... Bb8 28.
Ne1 g5 $1 {This move fixes a potential weakness in White's camp: his h-pawn.}
29. Nf3 Bd6 (29... g4 30. Nfd2 {[%cal Yh2h3]}) 30. h4 $6 {[%mdl 32] White
underestimates the danger of his kingside pawns being fixed on dark squares 
(the squares of the opponent's bishop).} (30. h3 $142) 30... g4 31. Nfd2 (31.
Ne1 e5 $5) 31... Bb4 32. Nf1 (32. Nb1 $5) 32... c5 (32... b5 $5 33. Ra1 (33.
axb5 cxb5 {[%cal Ra5a4]}) 33... bxa4 34. Rxa4 c5 $1 35. dxc5 Nc6 $36) 33. dxc5
Rd3 34. Nbd2 $6 {White had a nice defence:} (34. Rc3 $1 Bxc3 35. bxc3 R3d7 $1 (
35... bxc5 36. Nxc5 Rf3 $8 37. Ne3 $44 {[%csl Rf3]}) 36. Ne3 $1 (36. cxb6 $143
Rb7 37. Nxa5 Rxb6 38. Nc4 Ra6 39. a5 Nc6 40. Nfe3 h5 41. Ra1 Rda8 42. Nc2 Ne5
$5 {, and Black keeps some winning chances}) 36... bxc5 (36... h5 37. cxb6 {
[%cal Re3c4]}) 37. Nxg4 h5 38. Ne3 Rb7 39. Nxa5 Rb2+ 40. Kf3 Ra2 41. Nac4 $1 {
, and White should not lose. However, the exchange sacrifice was far from
obvious.}) 34... bxc5 $17 {Black has a clear positional advantage (the
activity of pieces!) and gradually converts it.} 35. Nc4 Nc6 36. Nfe3 h5 37.
Rb1 R3d4 38. e5 (38. f3 gxf3+ 39. Kxf3 Rxc4 $1 40. Rxc4 Rd2 41. Rf1 Rxb2 $19)
38... fxe5 39. Kf1 Kf6 40. Rcc1 e4 41. Ng2 e5 42. Nge3 Ke6 43. Nd1 Bd2 44. Nxd2
Rxd2 45. Nc3 (45. Ke1 R8d3 {[%cal Rc6d4]} 46. Rxc5 Nd4 47. Ne3 Re2+ 48. Kf1
Rdd2 $19) 45... Kf5 46. Re1 R8d4 47. Re2 Rxe2 48. Kxe2 {[%mdl 4096]} Rb4 49.
Ke3 Rb3 50. Rd1 (50. Kd2 Nd4 {was hopeless enough but White's attempt to
activate his rook leads to a wonderful zugzwang position.}) 50... Nd4 51. Rd2
$2 ({To} 51. Rb1 {Black has the following plan:} Rb4 52. Kd2 {(otherwise White
loses one of his pawns)} (52. Nxe4 Nc2+ 53. Kd3 Rxe4 54. Kxc2 Re2+ $19) 52...
Ke6 {, then ...Nd4-f5 and ...e4-e3!}) 51... c4 $22 0-1